书目信息 |
| 题名: |
中国居民的收入分配和收入流动性研究
|
|
| 作者: | 王海港 著 | |
| 分册: | ||
| 出版信息: | 广州 中山大学出版社 2007.01 |
|
| 页数: | 155页 | |
| 开本: | 20cm | |
| 丛书名: | 岭南家经济学术文库 | |
| 单 册: | ||
| 中图分类: | F126.2 | |
| 科图分类: | ||
| 主题词: | 居民实际收入--ju min shi ji shou ru--收入分配--研究--中国 | |
| 电子资源: | ||
| ISBN: | 978-7-306-02494-7 | |
| 000 | 01036nam 2200253 450 | |
| 001 | 012008648389 | |
| 005 | 20080626113454.92 | |
| 010 | @a978-7-306-02494-7@dCNY16.50 | |
| 100 | @a20080626d2007 em y0chiy0120 ea | |
| 101 | 0 | @achi |
| 102 | @aCN@b440000 | |
| 105 | @ak z 000yy | |
| 106 | @ar | |
| 200 | 1 | @a中国居民的收入分配和收入流动性研究@Azhong guo ju min de shou ru fen pei he shou ru liu dong xing yan jiu@f王海港著@Fwang hai gang zhu |
| 210 | @a广州@c中山大学出版社@d2007.01 | |
| 215 | @a155页@d20cm | |
| 225 | 2 | @a岭南家经济学术文库@Aling nan jia jing ji xue shu wen ku |
| 330 | @a本书是一本非常优秀的论著,实证地分析了中国经济转型过程中的收入分配变化,有很高的理论、实践和价值。全新的、内容博大的、丰富多采的改革开放实践与现代化建设实践,是理论创新与人才成长的肥土沃壤。 | |
| 410 | 0 | @12001 @a岭南家经济学术文库 |
| 606 | 0 | @a居民实际收入@Aju min shi ji shou ru@x收入分配@x研究@y中国 |
| 690 | @aF126.2@v4 | |
| 701 | 0 | @a王海港@Awang hai gang@4著 |
| 801 | 0 | @aCN@bQSSK@c20080626 |
| 905 | @b729634-36@dF126.2@eW201@f3 | |
| 中国居民的收入分配和收入流动性研究/王海港著.-广州:中山大学出版社,2007.01 |
| 155页;20cm.-(岭南家经济学术文库) |
| ISBN 978-7-306-02494-7:CNY16.50 |
| 本书是一本非常优秀的论著,实证地分析了中国经济转型过程中的收入分配变化,有很高的理论、实践和价值。全新的、内容博大的、丰富多采的改革开放实践与现代化建设实践,是理论创新与人才成长的肥土沃壤。 |
| ● |
| 相关链接 |
|
|
|
正题名:中国居民的收入分配和收入流动性研究
索取号:F126.2/W201
 
预约/预借
| 序号 | 登录号 | 条形码 | 馆藏地/架位号 | 状态 | 备注 |
| 1 | 729634 | 207296344 | 社科库409/409社科库 70排1列4层/ [索取号:F126.2/W201] | 在馆 | |
| 2 | 729635 | 207296353 | 社科库409/409社科库 70排1列4层/ [索取号:F126.2/W201] | 在馆 | |
| 3 | 729636 | 207296362 | 社科库409/409社科库 70排1列4层/ [索取号:F126.2/W201] | 在馆 |